000 00631nam a2200193Ia 4500
008 151121s9999||||xx |||||||||||||| ||und||
082 _aबा।वि।
082 _bHNW-114878
100 _aरावळ मोहन
245 _aविक्रम आणि वेताळ
260 _b"अजब पुस्तकालय, कोल्हापूर"
260 _c2013
300 _a184
600 _aरावळ मोहन
630 _aविक्रम आणि वेताळ
700 _aरावळ मोहन
730 _aविक्रम आणि वेताळ
942 _cBOOK
999 _c1263697
_d1263694